LEADER 01159nam a2200277 u 4500 001 000000067630 003 CaOOAMICUS 005 20130221123908.0 008 020214s1982 it u000 u ita u 035 $a10920679 040 $aPUL(R)$bita 100 1 $aDe Giovanni, Lucio.$0(OLS)http://pul/name/30623 245 10$aCostantino e il mondo pagano :$bstudi di politica e legislazione /$cLucio De Giovanni ; prefazione di Franco Casavola. 250 $a2. ed. 260 $aNapoli :$bM. D'Auria,$c1982. 300 $a225 p. ;$c24 cm 490 1 $aKoinonia ;$v2 500 $aComprende indici. 600 04$aConstantinus Magnus,$cimperatore romano,$d272-337.$0(OLS)http://pul/subject/3853 830 0$aKoinonia : collana di studi e testi ;$v2.$0(OLS)http://pul/title/9671 850 $aPUL 852 $aPUL$W1$xSL Filosofia 1$y2$m107 A 21$j86721$nBK-PRI$b $qStampati$B87496$CPULBib$Z2$F87496 $H $81 941 1 $a8 961 $aINV: 50253 996 $6245$aCostantino e il mondo pagano :$bstudi di politica e legislazione$9(OLS)http://pul/title/89617 996 $6260$aNapoli :$bM. D'Auria$9(OLS)http://pul/publisher/47890 LEADER 01573nam a2200265 u 4500 001 000000109623 003 CaOOAMICUS 005 20080211111027.0 008 080211s1995 it dae u000 u ita u 040 $aPUL$bita$dMCT 041 0 $aitaengfre 245 00$aItalia judaica :$bGli ebrei in Sicilia sino all'espulsione del 1492 Atti del V convegno internazionale Palermo 15-19 giugno 1992. 246 34$aGli ebrei in Sicilia sino all'espulsione del 1492 260 $aRoma :$bMinistero per i beni culturali e ambientali, Ufficio centrale per i beni archivistici,$c1995. 300 $a500 p. :$bill., grafici, piante ;$c24 cm. 490 1 $aPubblicazioni degli archivi di Stato.$aSaggi ;$v 32 500 $aComitato organizzatore Commissione mista per la storia e la cultura degli ebrei in Italia 650 4$aEbrei$zItalia$ySec. XIV-XVIII.$0(OLS)http://pul/subject/33974 830 0$aPubblicazioni degli archivi di Stato.$pSaggi ;$v 32.$0(OLS)http://pul/title/2984 850 $aPUL 852 $aPUL$W1$xDP1 Cons. Gen., Altre Classi 1$y22$m859 F 32$j125443$qStampati$B124172$CPULBib$Z2$F124172 $H74014 $82 941 1 $a8 996 $6245$aItalia judaica :$bGli ebrei in Sicilia sino all'espulsione del 1492 Atti del V convegno internazionale Palermo 15-19 giugno 1992$9(OLS)http://pul/title/137894 996 $6246$aGli ebrei in Sicilia sino all'espulsione del 1492$9(OLS)http://pul/title/137895 996 $6260$aRoma :$bMinistero per i beni culturali e ambientali, Ufficio centrale per i beni archivistici$9(OLS)http://pul/publisher/49657